| 000 | 00755nam a2200253 i 4500 | ||
|---|---|---|---|
| 001 | bg | ||
| 100 | 1 |
_aStrondl, Carl Gunnar Christian. _d(1969- ). |
|
| 245 | 1 | 0 |
_aNanocomposite W-C:H diamond-like carbon coatings / _cCarl Gunnar Christian Strondl. |
| 260 |
_aGroningen : _bGroningen University Press, _c2007. |
||
| 300 |
_a130 s. : _bil. (w tym kolor.) ; _c25 cm. |
||
| 504 | _aBibliogr. przy rozdz. | ||
| 650 | 9 | _aNanotechnologia | |
| 650 | 9 | _aKompozyty | |
| 650 | 9 | _aPowłoki ochronne | |
| 650 | 9 | _aInżynieria powierzchni | |
| 020 | _a9789036732536 | ||
| 040 | _cBPK | ||
| 041 | 0 | _aeng | |
| 044 | _aNLD | ||
| 080 | _a620.3:620.19:621.791/.795 | ||
| 920 | _a978-90-367-3253-6 | ||
| 942 | _cKS | ||
| 008 | s pl f |000 0 pol | ||
| 999 |
_c55097 _d55097 |
||
| 856 |
_uhttp://koha.tu.koszalin.pl/cgi-bin/koha/opac-detail.pl?biblionumber=55097 _yKatalog online BPK |
||